| 000 | 01477nam0a2200349 4500 | ||
|---|---|---|---|
| 001 | RU\NLR\BIBL_A\011413129 | ||
| 005 | 20240921112704.0 | ||
| 010 |
_a9785919188360 _9200 |
||
| 021 |
_aRU _b2017-41059 _92985 |
||
| 035 | _a(RuMoRGB)008906186 | ||
| 035 | _a(NLR Aleph) 011413129 | ||
| 090 |
_a11568488 _c11568488 |
||
| 100 | _a20170622d2017 u y0rusy50 ca | ||
| 101 | 0 | _arus | |
| 102 | _aRU | ||
| 105 | _aac z 000gy | ||
| 200 | 1 |
_aОттенки любви _e[стихи] _fНино Сабанадзе _gхудожник Марина Попкова |
|
| 210 |
_aСанкт-Петербург _cРеноме _d2017 |
||
| 215 |
_a215 с., [1] л. цв. портр. _cил. _d22 |
||
| 225 | 1 |
_aРоза поэзы _iРоза Таганрога |
|
| 300 | _aПеред вып. дан. авт.: Нино Георгиевна Слепченко | ||
| 327 | 1 | _aСодерж.: циклы : Время - море ; Время любить ; Время меня ; Времена года ; Время - Петербург ; Время - поэт ; Время - судьба | |
| 330 | _a12+ | ||
| 686 |
_aШ5(2=Р)64-653 _2rubbk |
||
| 686 | 2 | _aШ6(2=Р)8-5 | |
| 700 | 1 |
_7ca _8rus _aСабанадзе _bН. _f1962- _gНино _9176368 _3RU\NLR\AUTH\770176419 |
|
| 702 | 1 |
_aПопкова _bМ.А. _gМарина А. _4440 |
|
| 942 | _cBOOK | ||
| 980 | _aNBR | ||